Statistics for "あ"から始まる難読駅名クイズ

Click here to take the quiz!

General Stats

  • This quiz has been taken 67 times
  • The average score is 15 of 26

Answer Stats

駅名読み% Correct
安食あじき
87%
英賀保あがほ
85%
姶良あいら
82%
阿波座あわざ
81%
左沢あてらざわ
79%
阿仁合あにあい
73%
菖蒲池あやめいけ
71%
海士有木あまありき
71%
愛子あやし
66%
安針塚あんじんづか
66%
網引あびき
63%
愛知御津あいちみと
61%
朝来あっそ
55%
安登あと
53%
安栖里あせり
53%
新野あらたの
50%
油田あぶらでん
48%
鮎喰あくい
48%
新鹿あたしか
45%
粟生津あおうづ
44%
穴太あのう
42%
阿母崎あぼざき
42%
朝熊あさま
42%
穴太あのお
40%
在良ありよし
40%
秋鹿町あいかまち
35%

Score Distribution

Percentile by Number Answered

Percent of People with Each Score

Your Score History

You have not taken this quiz